Mùa tôm (Tiểu thuyết)

Tallennettuna:
Bibliografiset tiedot
Päätekijä: Thakagi Xivaxankara Pillai
Aineistotyyppi: Kirja
Kieli:Undetermined
Julkaistu: Hà Nội Hội Nhà Văn 1999
Aiheet:
Tagit: Lisää tagi
Ei tageja, Lisää ensimmäinen tagi!
Thư viện lưu trữ: Trung tâm Học liệu Trường Đại học Cần Thơ
LEADER 00564nam a2200181Ia 4500
001 CTU_34444
008 210402s9999 xx 000 0 und d
082 |a 891.47 
082 |b P641 
100 |a Thakagi Xivaxankara Pillai 
245 0 |a Mùa tôm 
245 0 |b (Tiểu thuyết) 
245 0 |c Thakagi Xivaxankara Pillai, Hoàng Cường 
260 |a Hà Nội 
260 |b Hội Nhà Văn 
260 |c 1999 
650 |a indic fiction - 20th century,indic literature - 20th century 
980 |a Trung tâm Học liệu Trường Đại học Cần Thơ